Management

Saved in:
Bibliographic Details
Main Author: WILLIAMS, Chuck
Format: Book
Language:English
Published: South-Western College publisher 2000
Tags: Add Tag
No Tags, Be the first to tag this record!

MARC

LEADER 00000nam a22000007a 4500
008 210122b ||||| |||| 00| 0 eng d
020 |a 0-538-86163-0 
100 |a WILLIAMS, Chuck 
245 |a Management  |c Chuck Williams 
260 |b South-Western College publisher  |c 2000  |h Cincinnati  |i 687782  |l HD31 .W67 
942 |a lcc  |c BK  |e Mr ogunleye 
952 |0 0  |1 0  |2 lcc  |4 0  |6 HD0031 W67  |7 0  |9 1573  |a HOL  |b HOL  |d 2021-01-22  |l 0  |o HD31 .W67  |p 2021-0361  |r 2021-01-22 00:00:00  |w 2021-01-22  |y BK 
999 |c 829  |d 829